Govt. of
Madhya Pradesh

Correct इंगलिश Writing टारगेट कोर्स (Record no. 65156)

MARC details
000 -LEADER
fixed length control field 00277nam a2200097Ia 4500
008 - FIXED-LENGTH DATA ELEMENTS--GENERAL INFORMATION
fixed length control field 221009s9999 xx 000 0 und d
100 ## - MAIN ENTRY--PERSONAL NAME
Personal name S C Gupta
245 #0 - TITLE STATEMENT
Title Correct इंगलिश Writing टारगेट कोर्स
260 ## - PUBLICATION, DISTRIBUTION, ETC. (IMPRINT)
Name of publisher, distributor, etc. Arihant Publications
942 ## - ADDED ENTRY ELEMENTS (KOHA)
Koha item type Books

No items available.